| 000 | 01168nam a2200349 a 4500 | ||
|---|---|---|---|
| 001 | 000112803 | ||
| 003 | CHAP | ||
| 005 | 20220817044719.0 | ||
| 008 | 161128s2008 mx a |r| |||0|||spa d | ||
| 010 | _a109264 | ||
| 011 | _a110236 | ||
| 020 | _a9786071200013 | ||
| 040 | _cCHAP | ||
| 082 | 0 | 4 |
_a307.72 _bC73 |
| 245 | 0 | 0 |
_aComisión de desarrollo rural : _binforme de actividades (primer año) / _cpor Cámara de Diputados LX Leigislatura. |
| 260 |
_aChapingo, Méx. : _bUACH : _bCámara de Diputados. LX Leigislatura, _c2008. |
||
| 300 |
_a185 p. : _bil. |
||
| 590 |
_aE11695DGD _b10 _c20170327 _lUCH01 _h1020 |
||
| 590 |
_aE6096MTM _b05 _c20161128 _lUCH01 _h1452 |
||
| 590 |
_aE6096MTM _b05 _c20161129 _lUCH01 _h1457 |
||
| 590 |
_aE6096MTM _b05 _c20170315 _lUCH01 _h0957 |
||
| 590 |
_aE6096MTM _b05 _c20170315 _lUCH01 _h1247 |
||
| 590 |
_aE6096MTM _b05 _c20170315 _lUCH01 _h1322 |
||
| 590 |
_aE6096MTM _b05 _c20170315 _lUCH01 _h1322 |
||
| 650 | 1 | 4 |
_aAgricultura _xLeyes _xMéxico. _91726 |
| 650 | 1 | 4 |
_aDesarrollo rural _xLeyes _zMéxico. _932072 |
| 710 | 0 | _aUACH. | |
| 710 | 1 |
_aCámara de Diputados, _bLX Legislatura _924005 |
|
| 901 | _aBK | ||
| 942 | _cLIBRO | ||
| 942 | _n0 | ||
| 999 |
_c109264 _d109264 |
||